000 00357nam a2200157Ia 4500
008 210210b1930 xxu||||| |||| 00| 0 eng d
041 _aeng
082 _a822/759
100 _aLYND (R)
245 _aBlue lion
260 _aLondon
_bMethuen and Company Limited
_c1930
650 _alion
650 _aBlue
690 _aEnglish Prose
906 _a012943
999 _c131775
_d131775